| 000 | 01002nam a22001697a 4500 | ||
|---|---|---|---|
| 999 |
_c63355 _d63355 |
||
| 003 | Ge_BSU | ||
| 005 | 20250924155915.0 | ||
| 008 | 250924s1980 ge ||||| |||| 00| 0 geo d | ||
| 041 | _ageo | ||
| 080 | _a330.1(075.8) პ-55 | ||
| 245 |
_aპოლიტიკური ეკონომია : _b[სახელმძღვანელო უმაღლესი ეკონომ. სასწავლებლებისა და ფაკულტეტებისათვის]. ტ. 2, სოციალიზმი-კომუნისტური წარმოების წესის პირველი ფაზა / _cტომის რედ. მ. ვოლკოვი. |
||
| 264 |
_aთბილისი : _b განათლება, _c1980. |
||
| 300 |
_a686 გვ.; _b22 სმ. |
||
| 653 | _aპოლიტიკური ეკონომია | ||
| 700 |
_aვოლკოვი, მ. _eრედაქტორი _925868 |
||
| 942 |
_2udc _cᲬᲘᲒᲜᲘ |
||